Datum a čas kvízu
25
Celkem bodů
Celkový počet nahraných bodů na tomto kvízu bez doplňovacích otázek.
8.
Pořadí na kvízu
Konečné umístění týmu na tomto kvízu.
Zaznamenané odpovědi
| # | Otázka | Odpověď | Body | Výsledky |
|---|---|---|---|---|
| 1. | Medvědu ušatému jménem Jirka v... | Konopiště | 0 | |
| 2. | V pondělí proběhla inaugurace... | Michelle Obama | 0 | |
| 3. | Reality show Bachelor ve střed... | Sabina (Pšádová) | 0 | |
| 4. | Automobilka Citroën již zaháji... | 2CV (Kachna, Kačena, Kachnička) | 1 | |
| 5. | Ve středu bylo definitivně pot... | Tomáš Drastil | 0 | |
| 6. | Za půl bodu napište, jak se jm... | Tři soutěsky; Čína | 1 | |
| 7. | Kterým přídavným jménem na 11... | geotermální | 1 | |
| 8. | Akademik Lomonosov je ruská ja... | B | 1 | |
| 9. | Soustava Niagarských vodních e... | o Nikolu Teslu | 0 | |
| 10. | Téma zakončíme v České republi... | 4 | 1 |